Jon B. Discography - Statistics

General Stats
  • This quiz has been taken 3 times
  • The average score is 8 of 11
Answer Stats
Type Year Name % Correct
Compilation 2002 Are U Still Down: Greatest Hits
100%
Album 1995 Bonafide
100%
Album 1997 Cool Relax
100%
Album 2001 Pleasures U Like
100%
Album 2012 Comfortable Swagg
67%
Album 2008 Helpless Romantic
67%
Holiday Album 2006 Holiday Wishes: From Me to You
67%
Album 2004 Stronger Everyday
67%
Compilation 2013 B-Sides Collection
33%
Mixtape 2013 Digital Dynastry R&B 3
33%
Compilation 1999 Love Hurts
33%
No matching quizzes found
Score Distribution
Percent of People with Each Score
Percentile by Number Answered
Your Score History
You have not taken this quiz